000
00236nam a2200097 a 4500
005
20200930062652.0
008
110610s1921 000 spa d
245
0
_a
Viruela o alastrim.
260
_a
Santo Domingo,
_c
1921.
999
_c
30535
_d
30535
040
_a
DO-SdBNP